|
|
|
|
| LEADER |
00712nam a2200193 i 4500 |
| 001 |
misc45670 |
| 005 |
20200717141048.0 |
| 008 |
200422s1830 hu o 0|| ger d |
| 040 |
|
|
|a SZTE Miscellanea Repozitórium
|b hun
|
| 041 |
|
|
|a ger
|
| 100 |
1 |
|
|a Hempel Adolph Friedrich
|
| 245 |
1 |
0 |
|a Anfangsgründe der Anatomie des gesunden menschlichen Körpers
|h [elektronikus dokumentum] /
|c Hempel Adolph Friedrich
|
| 260 |
|
|
|a Lechner
|b Wien
|c 1830
|
| 250 |
|
|
|a Fünfte verbesserte Ausgabe
|
| 300 |
|
|
|a XII, 292 p.
|c 19 cm
|
| 561 |
|
|
|a Poór Imre hagyaték
|
| 591 |
|
|
|a Prof. Dr. Poór Ferenc ajándéka (pecsét)
|
| 695 |
|
|
|a Anatómia
|
| 856 |
4 |
0 |
|u http://misc.bibl.u-szeged.hu/45670/1/borklinika_251_002.pdf
|z Dokumentum-elérés
|